Internationally Divided Islands - Statistics

General Stats
  • This quiz has been taken 84 times
    13 since last reset
  • The average score is 8 of 19
Answer Stats
Country Island % Correct
Brunei Borneo
92%
Cyprus Cyprus
92%
Haiti Hispaniola
92%
United Kingdom Ireland
92%
Netherlands Saint Martin
92%
Papua New Guinea New Guinea
83%
East Timor Timor
83%
Chile Isla Grande deTierra del Fuego
67%
Denmark Hans Island
42%
Poland Usedom
33%
Sweden Märket
17%
Guyana Corocoro
8%
Ukraine K Island
8%
Argentina Martín García
8%
Malaysia Sebatik Island
8%
Russia Jähi
0%
Sweden Kataja
0%
Russia Koiluoto
0%
Finland Vanhasaari
0%
No matching quizzes found
Score Distribution
Percent of People with Each Score
Percentile by Number Answered
Your Score History
You have not taken this quiz since the last reset